000 00470nam a2200193Ia 4500
005 20240823013817.0
008 240823s9999||||xx |||||||||||||| ||und||
020 _a81-7366-683-0
041 _aENGLISH
082 _A005.432 P4
100 _a"Garfinkel,Simson et al."
245 0 _aPractical UNIX and Internet Security
250 _a3rd
260 _c2004
_b"SPD,M"
500 _aTRANSFERED
650 _aUNIX
_bComputer Science
942 _cBK
999 _c168289
_d168289